000 00302nam a2200121Ia 4500
008 190216s9999||||xx |||||||||||||| ||und||
100 _aPandey I M
245 0 _aFinancial Management Exercises Solutions
260 _bVikas Publishing House
_c2001
300 _a167p
650 _aManagement
942 _cBK
999 _c6113
_d6113